000 00492nam a2200193Ia 4500
003 GCL
008 140319s9999 xx 000 0 eng d
040 _aGCL /
_cGCL
082 0 4 _a891.7
_bM R
100 1 _aMAYAKOUSKY,VLADIMIR
245 1 0 _aVLADIMIR MAY AKOUSKY POEMS /
_cMAYAKOUSKY,VLADIMIR
700 1 _aROTTENBERG, DORIAN
260 _a[S.N] :
_bPROGRESS PUBLISHERS
300 _a277P
650 0 4 _aLITERATURE
650 0 4 _aPOEMS
650 0 4 _aRUSSIAN LITERATURE
942 _2ddc
_cBK
999 _c12015
_d12015